Military in African politics (Record no. 435798)

000 -LEADER
fixed length control field 00390cam a22001337a 4500
008 - FIXED-LENGTH DATA ELEMENTS--GENERAL INFORMATION
fixed length control field 180718b1969 xxu||||| |||| 00| 0 eng d
082 ## - DEWEY DECIMAL CLASSIFICATION NUMBER
Classification number N119x6 G987
100 ## - MAIN ENTRY--PERSONAL NAME
Personal name Gutteridge, William
245 ## - TITLE STATEMENT
Title Military in African politics
Statement of responsibility, etc. by William Gutteridge
260 ## - PUBLICATION, DISTRIBUTION, ETC.
Place of publication, distribution, etc. London
Name of publisher, distributor, etc. Methuen
Date of publication, distribution, etc. 1969
300 ## - PHYSICAL DESCRIPTION
Extent 166p.
440 ## - SERIES STATEMENT/ADDED ENTRY--TITLE
Title Studies in African history, no.4
650 ## - SUBJECT ADDED ENTRY--TOPICAL TERM
Topical term or geographic name entry element Military power --Africa
Holdings
Withdrawn status Lost status Damaged status Not for loan Permanent Location Current Location Date acquired Full call number Barcode Date last seen Price effective from Koha item type
        Indian Institute of Public Administration Indian Institute of Public Administration 2010-03-02 N119x6 G987 44842 2018-07-21 2018-07-21 Book

Powered by Koha